Taxing wages 2009-2010 special feature: wage income tax reforms and changes in tax burdens

Guardado en:
Detalles Bibliográficos
Formato: Libro
Lenguaje:inglés
Publicado: Paris OECD 2011
Materias:
Etiquetas: Agregar Etiqueta
Sin Etiquetas, Sea el primero en etiquetar este registro!

MARC

LEADER 00000nam a2200000 4500
001 0158507
005 20221108071426.9
020 |a 978-92-64-09753-7 
022 |a 1995-3844 
041 0 |a eng 
044 |a FR 
245 1 0 |a Taxing wages 2009-2010  |b special feature: wage income tax reforms and changes in tax burdens 
264 1 |a Paris  |b OECD  |c 2011 
300 |a 585 s. 
610 2 0 |a zaťaženie daňové 
610 2 0 |a reformy daňové 
610 2 0 |a dane 
610 2 0 |a zdaňovanie 
610 2 0 |a porovnanie štatistické medzinárodné